书目信息 |
| 题名: |
俄罗斯
|
|
| 作者: | 韩林飞 , 祁帅 , 班博洋 编著 | |
| 分册: | ||
| 出版信息: | 北京 中国建筑工业出版社 2021 |
|
| 页数: | 319页 | |
| 开本: | 20cm | |
| 丛书名: | ||
| 单 册: | ||
| 中图分类: | TU-865.12 , TU-86 | |
| 科图分类: | ||
| 主题词: | 建筑艺术--介绍--俄罗斯 | |
| 电子资源: | ||
| ISBN: | 978-7-112-24068-5 | |
| 000 | 00998nam0 2200289 450 | |
| 001 | 2276835546 | |
| 005 | 20221012212111.48 | |
| 010 | @a978-7-112-24068-5@dCNY98.00 | |
| 100 | @a20210520d2021 em y0chiy50 ea | |
| 101 | 0 | @achi |
| 102 | @aCN@b110000 | |
| 105 | @aab z 001yy | |
| 200 | 1 | @a俄罗斯@9e luo si@dRussia@f韩林飞,祁帅,班博洋编著@zeng |
| 210 | @a北京@c中国建筑工业出版社@d2021 | |
| 215 | @a319页@c图,照片,地图@d20cm | |
| 300 | @a世界建筑旅行地图 | |
| 330 | @a本书描绘俄罗斯建筑全貌,借鉴大量权威的建筑名录及俄罗斯获奖建筑目录,主要参照世界文化遗产名录、俄罗斯遗产保护名录、俄罗斯历年建筑师协会奖项、莫斯科建筑师奖项等。 | |
| 510 | 1 | @aRussia@zeng |
| 606 | 0 | @a建筑艺术@x介绍@y俄罗斯 |
| 607 | @a俄罗斯@x概况 | |
| 690 | @aTU-865.12@v5 | |
| 690 | @aTU-86@v4 | |
| 701 | 0 | @a韩林飞@9han lin fei@f(1969-)@4编著 |
| 701 | 0 | @a祁帅@9qi shuai@f(1991-)@4编著 |
| 701 | 0 | @a班博洋@9ban bo yang@c(女,@f1992-)@4编著 |
| 801 | 0 | @aCN@b91MARC@c20210522 |
| 905 | @aZUCC@dTU-86@e7 | |
| 俄罗斯=Russia/韩林飞,祁帅,班博洋编著.-北京:中国建筑工业出版社,2021 |
| 319页:图,照片,地图;20cm |
| 世界建筑旅行地图 |
| ISBN 978-7-112-24068-5:CNY98.00 |
| 本书描绘俄罗斯建筑全貌,借鉴大量权威的建筑名录及俄罗斯获奖建筑目录,主要参照世界文化遗产名录、俄罗斯遗产保护名录、俄罗斯历年建筑师协会奖项、莫斯科建筑师奖项等。 |
| ● |
| 相关链接 |
|
|
|
正题名:俄罗斯
索取号:TU-86/7
 
预约/预借
| 序号 | 登录号 | 条形码 | 馆藏地/架位号 | 状态 | 备注 |
| 1 | 2000914318 | 2000914318 | 第三书库/ [索取号:TU-86/7] | 在馆 | |
| 2 | 2000914319 | 2000914319 | 第三书库/ [索取号:TU-86/7] | 在馆 | |
| 3 | 2000914320 | 2000914320 | 第三书库/ [索取号:TU-86/7] | 在馆 |